Statistiken für Top 100 teuerste Fußballspieler 2023/24

Klicken Sie hier um das Quiz zu spielen!

Allgemein

  • Dieses Quiz wurde 732 mal gespielt
  • Das Durchschnittsergebnis liegt bei 47 aus 100

Antwortstatistiken

MarktwertVereinName% Korrekt
180 Mio €Manchester CityErling Haaland
98%
180 Mio €Paris Saint-GermainKylian Mbappé
98%
110 Mio €FC Bayern MünchenHarry Kane
94%
150 Mio €Real MadridVinicius Jr.
93%
110 Mio €FC Bayern MünchenJamal Musiala
92%
150 Mio €Real MadridJude Bellingham
92%
120 Mio €FC ArsenalBukayo Saka
83%
100 Mio €FC BarcelonaPedri
82%
110 Mio €Manchster CityPhil Foden
80%
120 Mio €SSC NeapelVictor Osimhen
80%
90 Mio €FC BarcelonaGavi
79%
60 Mio €FC Bayern MünchenMin-jae Kim
79%
100 Mio €Real MadridRodrygo
79%
85 Mio €Bayer 04 LeverkusenFlorian Wirtz
78%
75 Mio €FC Bayern MünchenLeroy Sané
76%
100 Mio €Inter MailandLautaro Martinez
75%
70 Mio €Manchester CityKevin De Bruyne
74%
75 Mio €FC Bayern MünchenJoshua Kimmich
72%
100 Mio €Manchester CityRodri
72%
50 Mio €Manchester UnitedLisandro Martínez
69%
90 Mio €Real MadridEduardo Camavinga
68%
65 Mio €FC LiverpoolMohamed Salah
68%
100 Mio €FC ArsenalDeclan Rice
65%
90 Mio €FC ArsenalMartin Ødegaard
65%
90 Mio €AC MilanRafael Leão
65%
60 Mio €FC ArsenalKai Havertz
64%
60 Mio €Al HilalNeymar
64%
55 Mio €FC Bayern MünchenSerge Gnabry
63%
100 Mio €Real MadridFederico Valverde
62%
70 Mio €FC Bayern MünchenAlphonso Davies
61%
70 Mio €FC Bayern MünchenMatthijs de Ligt
60%
90 Mio €Real MadridAurélien Tchouaméni
58%
75 Mio €Manchester CityJack Grealish
57%
80 Mio €Manchester CityRúben Dias
57%
80 Mio €FC ArsenalGabriel Martinelli
55%
65 Mio €FC BayernKingsley Coman
53%
80 Mio €Manchester CityBernardo Silva
52%
75 Mio €FC ArsenalGabriel Jesus
52%
75 Mio €Manchester UnitedMarcus Rashford
52%
70 Mio €RB LeipzigXavi Simons
52%
70 Mio €Newcastle UnitedAlexander Isak
50%
80 Mio €FC ChelseaEnzo Fernández
50%
80 Mio €FC ChelseaChristopher Nkunku
49%
70 Mio €Real MadridÉder Militão
49%
90 Mio €FC BarcelonaFrenkie de Jong
49%
60 Mio €Paris Saint-GermainOusmane Dembélé
49%
75 Mio €Manchester UnitedBruno Fernandes
48%
80 Mio €Manchester CityJulián Álvarez
48%
85 Mio €SSC NeapelKhvicha Kvaratskhelia
48%
70 Mio €FC BarcelonaRonald Araújo
48%
65 Mio €FC LiverpoolDarwin Núñez
47%
60 Mio €FC Bayern MünchenDayot Upamecano
47%
80 Mio €Manchester CityJosko Gvardiol
45%
75 Mio €FC LiverpoolLuis Díaz
45%
80 Mio €Paris Saint-GermainRandal Kolo Muani
45%
70 Mio €FC ArsenalWilliam Saliba
43%
70 Mio €Juventus TurinDušan Vlahović
41%
50 Mio €FC BarcelonaLamine Yamal
40%
90 Mio €FC ChelseaMoisés Caicedo
40%
75 Mio €Inter MailandNicolò Barella
40%
50 Mio €RB LeipzigDani Olmo
39%
65 Mio €FC LiverpoolTrend Alexander-Arnold
39%
60 Mio €AC MilanTheo Hernández
35%
50 Mio €FC Bayern MünchenMathys Tel
34%
65 Mio €Paris Saint-GermainAchraf Hakimi
33%
50 Mio €FC BarcelonaJoão Cancelo
33%
65 Mio €Paris Saint-GermainMarquinhos
32%
65 Mio €Manchester UnitedRasmus Højlund
32%
60 Mio €Newcastle UnitedSandro Tonali
32%
55 Mio €Aston VillaMoussa Diaby
31%
70 Mio €FC LiverpoolDominik Szoboszlai
30%
50 Mio €FC BarcelonaAlejandro Balde
29%
65 Mio €FC LiverpoolAlexis Mac Allister
29%
60 Mio €Manchester CityJérémy Doku
29%
85 Mio €Newcastle UnitedBruno Guimarães
28%
50 Mio €FC BarcelonaJoão Félix
28%
60 Mio €FC BarcelonaJules Koundé
28%
55 Mio €FC ArsenalBen White
25%
50 Mio €FC LiverpoolDioga Jota
25%
60 Mio €LOSC LilleJonathan David
25%
55 Mio €FC LiverpoolCody Gakpo
24%
70 Mio €Tottenham HotspurJames Maddison
24%
65 Mio €Paris Saint-GermainNuno Mendes
22%
60 Mio €FC BarcelonaRaphinha
22%
55 Mio €FC ChelseaReece James
22%
60 Mio €Inter MailandAlessandro Bastoni
21%
55 Mio €Aston VillaOllie Watkins
21%
60 Mio €Manchester UnitedMason Mount
19%
50 Mio €Manchester UnitedAntony
18%
60 Mio €Tottenham HotspurCristian Romero
17%
50 Mio €Brighton & Hove AlbionKaoru Mitoma
17%
65 Mio €West Ham UnitedLucas Paquetá
16%
50 Mio €Tottenham HotspurDejan Kulusevski
14%
65 Mio €Brighton & Hove AlbionEvan Ferguson
14%
55 Mio €FC FulhamJoão Palhinha
14%
55 Mio €Manchester CityMatheus Nunes
13%
55 Mio €Paris Saint-GermainManuel Ugarte
12%
55 Mio €Aston VillaDouglas Luiz
11%
50 Mio €Real SociedadTakefusa Kubo
10%
55 Mio €FC ArsenalGabriel Magalhães
7%

Verteilung der Resultate

Perzentil nach korrekt beantworteten Fragen

Anzahl Personen mit jedem Resultat

Ihre Resultats-Entwicklung

Sie haben dieses Quiz noch nicht gespielt